|
|
|
|
| LEADER |
00000nam0a2200000 4500 |
| 001 |
302476 |
| 005 |
20231102001515.0 |
| 020 |
|
|
|a RU
|b 83-12427
|
| 035 |
|
|
|a (RuTPU)RU\TPU\book\327683
|
| 090 |
|
|
|a 302476
|
| 100 |
|
|
|a 20150824d1982 k y0rusy5003 ca
|
| 101 |
0 |
|
|a rus
|
| 102 |
|
|
|a RU
|
| 105 |
|
|
|a y z 001zy
|
| 200 |
1 |
|
|a Гидрогеология и инженерная геология : Лабораторные методы исследования
|e межвузовский сборник
|f Новочеркасский политехнический институт им. Серго Орджоникидзе (НПИ) ; под ред. А. И. Гавришина
|
| 210 |
|
|
|a Новочеркасск
|c Изд-во НПИ
|d 1982
|
| 215 |
|
|
|a 135 с.
|
| 606 |
|
|
|a Гидрогеология
|2 stltpush
|3 (RuTPU)RU\TPU\subj\38647
|9 59032
|
| 606 |
|
|
|a Инженерная геология
|2 stltpush
|3 (RuTPU)RU\TPU\subj\12572
|9 39335
|
| 610 |
1 |
|
|a гидрогеологические исследования
|
| 610 |
1 |
|
|a инженерно-геологические исследования
|
| 610 |
1 |
|
|a лабораторные методы
|
| 675 |
|
|
|a 556.3
|v 3
|
| 675 |
|
|
|a 624.131.1
|v 3
|
| 702 |
|
1 |
|a Гавришин
|b А. И.
|g Анатолий Иванович
|4 340
|
| 712 |
0 |
2 |
|a Новочеркасский политехнический институт им. Серго Орджоникидзе (НПИ)
|c (1948-1993)
|2 stltpush
|3 (RuTPU)RU\TPU\col\227
|
| 801 |
|
0 |
|a RU
|b RuMRKP
|c 19950704
|g psbo
|
| 801 |
|
1 |
|a RU
|b 63413507
|c 20150824
|
| 801 |
|
2 |
|a RU
|b 63413507
|c 20171003
|g RCR
|
| 942 |
|
|
|c BK
|